| 000 | 00412cam a22001337a 4500 | ||
|---|---|---|---|
| 008 | 180718b1971 xxu||||| |||| 00| 0 eng d | ||
| 082 | _aA6x54 Sa93 | ||
| 100 | _aSavarkar, Vinayak Damodar | ||
| 245 |
_aSix glorious epochs of Indian history _cby Vinayak Damodar Savarkar |
||
| 260 |
_aNew Delhi _bRajdhani Granthagar _c1971 |
||
| 300 | _a568p. | ||
| 500 | _aOriginal ed. 1963; Rs.35.00 | ||
| 650 | _aIndia - History | ||
| 999 |
_c374955 _d374955 |
||